000 00518nam a2200181Ia 4500
003 IIN
005 20240131214008.0
008 231217s9999 xx 000 0 und d
020 _cRs.595.00
_a9789388108966
040 _aIIN
_bEnglish
082 _a610.73
_bKAU
100 1 _aKaur, Amandeep
245 1 _aPractical Record book of Nursing Foundation for Bsc Nursing students
_cAmandeep Kaur
260 _bCBS
_aNew Delhi
_c2019
300 _a[6];242p.
650 1 _aRecord Book
_vNursing Foundation
942 _cBOOK
999 _c1383
_d1383